000 01374cam a22003614a 4500
001 14004864
003 OSt
005 20170105102907.0
008 050616s2005 dcuab b 001 0 eng
010 _a 2005017470
015 _aGBA569210
_2bnb
016 7 _a013274545
_2Uk
020 _a1574889532
035 _a(OCoLC)ocm60671822
040 _aDLC
_cDLC
_dIG#
_dBAKER
_dUKM
_dPUL
_dDLC
042 _apcc
043 _aa-af---
050 0 0 _aDS371.412
_b.M35 2005
082 0 0 _a958.1047
_222
_bMAL 2005
100 1 _aMaloney, Sean M.,
_d1967-
245 1 0 _aEnduring the freedom :
_ba rogue historian in Afghanistan /
_cSean M. Maloney.
250 _a1st ed.
260 _aWashington, D.C. :
_bPotomac Books,
_cc2005.
300 _axiii, 336 p. :
_bill., maps ;
_c24 cm.
504 _aIncludes bibliographical references (p. 309-321) and index.
505 0 _aWhy we fight -- International security assistance force : Kabul -- Operation Enduring Freedom : Bagram -- Operation Enduring Freedom : Kandahar -- Endgame.
650 0 _aAfghan War, 2001-
650 0 _aWar on Terrorism, 2001-2009.
856 4 1 _3Table of contents
_uhttp://www.loc.gov/catdir/toc/ecip0514/2005017470.html
906 _a7
_bcbc
_corignew
_d1
_eecip
_f20
_gy-gencatlg
942 _2ddc
_cBK
999 _c14936
_d14936